000 01297naa a22003257a 4500
001 BR8101565
003 BR-BrBNA
005 20240918174728.0
007 ta
008 230509b bl.||||| |||| 00| 0 por d
040 _aBR-BrBNA
_bpor
_cBiblioteca Nacional de Agricultura
041 _a(Pt)
072 _aP05; K50
_b8907
_bG514
090 _aP05 BR8101565
100 1 _aAmorim, L.F.S.
111 1 _aSeminario sobre Combustiveis Alternativos
_cSao Paulo, SP (Brazil)
_d24 Apr 1980
245 1 _aQueima eficiente de casca umida e de residuos de madeira [Combustivel; Brasil]
246 1 _a[Efficient burn of wet bark and wood wastes [Fuel; Brazil]]
246 1 _a[Seminar on alternative fuel]
260 3 _aSao Paulo, SP (Brasil):
_c1980.
500 _aHeikema, C.L.J. (ed.) Seminario sobre combustiveis alternativos Sao Paulo, SP (Brasil): 1980. p. 21-29 (BR8101565-AM)P05
650 _aRecurso energetico
650 _aIndustria florestal
650 _aCombustivel
650 _aMadeira
650 _aResiduo
773 0 _tSeminario sobre combustiveis alternativos
_aHeikema, C.L.J. (ed.). Associacao Tecnica Brasileira de Celulose e Papel, Sao Paulo, SP
_wP05 BR8101565
_gSao Paulo, SP (Brasil), 1980. p. 21-29
909 _a202404
_bLucia
_c55
_dLucia Elande
942 _cAM
_2AGRIS
999 _c313183
_d313183